<?xml version="1.0" encoding="UTF-8"?>
<record
    xmlns:xsi="http://www.w3.org/2001/XMLSchema-instance"
    xsi:schemaLocation="http://www.loc.gov/MARC21/slim http://www.loc.gov/standards/marcxml/schema/MARC21slim.xsd"
    xmlns="http://www.loc.gov/MARC21/slim">

  <leader>00799nam a22002297a 4500</leader>
  <controlfield tag="005">20170124110227.0</controlfield>
  <datafield tag="010" ind1=" " ind2=" ">
    <subfield code="a">A-710492</subfield>
  </datafield>
  <datafield tag="020" ind1=" " ind2=" ">
    <subfield code="c">180.00</subfield>
    <subfield code="a">8185070156</subfield>
  </datafield>
  <datafield tag="035" ind1=" " ind2=" ">
    <subfield code="a">A-710492</subfield>
  </datafield>
  <datafield tag="037" ind1=" " ind2=" ">
    <subfield code="b">Cen Lib/Ret</subfield>
  </datafield>
  <datafield tag="040" ind1=" " ind2=" ">
    <subfield code="a">DPL</subfield>
    <subfield code="b">EN</subfield>
  </datafield>
  <datafield tag="082" ind1=" " ind2=" ">
    <subfield code="a">954.0841</subfield>
    <subfield code="b">GUP</subfield>
  </datafield>
  <datafield tag="100" ind1=" " ind2=" ">
    <subfield code="a">Gupta, S. N.</subfield>
    <subfield code="9">105512</subfield>
  </datafield>
  <datafield tag="245" ind1=" " ind2=" ">
    <subfield code="a">History of the national movement :</subfield>
    <subfield code="c">by S. N. Gupta</subfield>
    <subfield code="b">including controversy on thirty pages of Maulana Abdul Kalam Azad /</subfield>
  </datafield>
  <datafield tag="260" ind1=" " ind2=" ">
    <subfield code="a">Agra</subfield>
    <subfield code="b">Y.K.Publishers</subfield>
    <subfield code="c">1989</subfield>
  </datafield>
  <datafield tag="270" ind1=" " ind2=" ">
    <subfield code="a">8, Parasuram Nagar, Shahganj</subfield>
    <subfield code="b">Uttar Pradesh</subfield>
    <subfield code="e">282010</subfield>
  </datafield>
  <datafield tag="300" ind1=" " ind2=" ">
    <subfield code="a">viii,188p.</subfield>
    <subfield code="c">21cm(Hb)</subfield>
  </datafield>
  <datafield tag="500" ind1=" " ind2=" ">
    <subfield code="a">Includes index</subfield>
  </datafield>
  <datafield tag="650" ind1=" " ind2=" ">
    <subfield code="a">Azad Abulkalam -- 1888-1958. -- India wins freedom</subfield>
    <subfield code="9">27568</subfield>
  </datafield>
  <datafield tag="650" ind1=" " ind2=" ">
    <subfield code="a">Politics and government -- 1919-1947</subfield>
    <subfield code="9">29882</subfield>
  </datafield>
  <datafield tag="942" ind1=" " ind2=" ">
    <subfield code="2">ddc</subfield>
    <subfield code="c">EN</subfield>
    <subfield code="h">954.0841</subfield>
    <subfield code="m">GUP</subfield>
  </datafield>
  <datafield tag="999" ind1=" " ind2=" ">
    <subfield code="c">134508</subfield>
    <subfield code="d">134508</subfield>
  </datafield>
  <datafield tag="952" ind1=" " ind2=" ">
    <subfield code="0">0</subfield>
    <subfield code="1">0</subfield>
    <subfield code="4">0</subfield>
    <subfield code="7">1</subfield>
    <subfield code="8">REF</subfield>
    <subfield code="a">L</subfield>
    <subfield code="b">L</subfield>
    <subfield code="d">2015-07-30</subfield>
    <subfield code="e">Cen Lib/Ret</subfield>
    <subfield code="g">180.00</subfield>
    <subfield code="l">0</subfield>
    <subfield code="o">954.0841 GUP</subfield>
    <subfield code="p">A-710492</subfield>
    <subfield code="r">2015-07-30 00:00:00</subfield>
    <subfield code="t">1</subfield>
    <subfield code="v">180.00</subfield>
    <subfield code="w">2015-07-30</subfield>
    <subfield code="y">EN</subfield>
  </datafield>
</record>
